000 00518nam a2200181Ia 4500
008 100917s9999 xx 000 0 und d
082 _b49439
100 _aमाळवदे रमण
245 _aब्रह्माक्षरं
260 _bबा. ग. ढवळे प्रकाशन
_c1980
300 _a135
365 _b16
520 _aकथा
630 _aब्रह्माक्षरं
650 _aकथा
730 _aब्रह्माक्षरं
942 _cBOOK
999 _c654833
_d654830